[Event "IM Marmaris Karia III 2018"]
[Site "Mentese Mugla"]
[Date "2018.10.29"]
[Round "8.4"]
[White "Mammadov, Zaur"]
[Black "Gasanov, Zaur"]
[Result "1-0"]
[WhiteElo "2465"]
[BlackElo "2195"]
[Annotator "TA"]
[PlyCount "49"]
[EventDate "2018.10.26"]
[EventType "tourn"]
[EventCountry "TUR"]
[SourceTitle "playchess.com"]
[Source "ChessBase"]
[SourceQuality "1"]

{[%evp 20,49,15,14,19,26,24,8,5,22,9,4,5,15,58,50,52,52,51,51,44,49,64,56,48,54,276,50,399,393,379,378]} 1. e4 c5 2. c3 d5 3. exd5 Qxd5 4. d4 e6 5. Nf3 Nf6 6. Na3 Nc6 7. Be3 cxd4 {B22: Sicilian: 2 c3} 8. Nb5 Qd8 9. Nbxd4 Nd5 10. Bg5 (10. Nxc6 bxc6 11. Bd2 Qb6 12. Ne5 Qc7 13. Nc4 Be7 14. Bd3 Ba6 15. Qg4 {½-½ (55) Wang,H (2717)-Laznicka,V (2666) Ho Chi Minh City 2016}) 10... Be7 11. Bxe7 {LiveBook: 3 Games} Ncxe7 $146 ({Predecessor:} 11... Qxe7 12. Bd3 O-O 13. O-O Nxd4 14. Nxd4 b6 15. Qf3 {0-1 (80) Firman,N (2512)-Fier,A (2570) Rio Achaea 2018}) 12. Bb5+ Bd7 13. Bxd7+ Qxd7 14. Ne5 Qc7 15. Qa4+ Kf8 16. Nef3 g6 17. O-O Kg7 18. Rfe1 Qb6 19. c4 Nf6 20. Qa3 Nc6 21. Nxc6 Qxc6 22. Qc3 $36 {[%mdl 2048] White has some pressure.} Rhd8 $2 {[#]} (22... h5 $14) 23. Ng5 $2 (23. g4 $1 $18) 23... Qc5 $2 {[%mdl 8192] [#]} (23... Qd7 $14) 24. Qxf6+ $1 $18 {[%mdl 512]} Kxf6 25. Ne4+ {Precision: White = 68%, Black = 31%.} 1-0

[Event "IM Marmaris Karia III 2018"]
[Site "Mentese Mugla"]
[Date "2018.10.29"]
[Round "8.5"]
[White "Simantsev, Mikhail"]
[Black "Alaz, Ahmet Efekan"]
[Result "1/2-1/2"]
[WhiteElo "2424"]
[BlackElo "2121"]
[Annotator "TA"]
[PlyCount "61"]
[EventDate "2018.10.26"]
[EventType "tourn"]
[EventCountry "TUR"]
[SourceTitle "playchess.com"]
[Source "ChessBase"]
[SourceQuality "1"]

{[%evp 14,61,51,42,53,60,62,62,49,50,61,63,66,69,82,54,66,48,43,56,53,48,57,39,55,44,55,41,65,50,45,51,47,52,45,20,25,10,10,10,10,10,15,15,39,39,56,32,34,32]} 1. e4 c6 2. d4 d5 3. exd5 cxd5 4. Bd3 Nc6 5. c3 Nf6 6. Nf3 e6 7. O-O Be7 8. Bf4 {LiveBook: 3 Games} O-O {B13: Caro-Kann: Exchange Variation and Panov-Botvinnik Attack} 9. Nbd2 b6 10. h3 Bb7 11. Qe2 h6 (11... Re8 12. Ne5 Nxe5 13. Bxe5 Nd7 14. Bg3 Bf6 15. Nf3 g6 16. h4 Bg7 17. h5 a6 18. Bf4 {0-1 (42) Khotenashvili,B (2504)-Kosteniuk,A (2541) Beijing 2014}) 12. Rfe1 Rc8 13. Ne5 $146 ({Predecessor:} 13. Nf1 Bd6 14. Ne5 Nd7 15. Nxf7 Rxf7 16. Bxd6 {1-0 (44) Rasmussen,R-Smith,J Dos Hermanas 2004}) 13... Nxe5 14. Bxe5 Bd6 15. Bxd6 Qxd6 16. a4 {[%cal Ba2a4,Ba4a5][%mdl 32]} Ra8 17. a5 Bc6 18. Ra2 Nd7 19. Rea1 Rfe8 20. Nf3 Reb8 21. axb6 (21. b4 {keeps more tension.} b5 22. Re1 Rc8 23. Qe3 Nf6 24. Nd2) 21... axb6 22. Rxa8 Rxa8 23. Rxa8+ Bxa8 24. Ne5 (24. Bc2 {with more complications.} Qc7 25. Qd3 Nf8 26. Ne5 Bc6 27. g3) 24... Nxe5 25. Qxe5 Qxe5 26. dxe5 $11 {KB-KB} Bc6 27. f4 Kf8 28. Kf2 Ke7 29. Ke3 {White is slightly better.} Ba4 30. Kd4 Kd7 31. g3 {Precision: White = 68%, Black = 35%.} 1/2-1/2

[Event "IM Marmaris Karia III 2018"]
[Site "Mentese Mugla"]
[Date "2018.10.30"]
[Round "9.1"]
[White "Eminov, Orkhan"]
[Black "Rzayev, Bahruz"]
[Result "1-0"]
[WhiteElo "2343"]
[BlackElo "2381"]
[Annotator "TA"]
[PlyCount "63"]
[EventDate "2018.10.26"]
[EventType "tourn"]
[EventCountry "TUR"]
[SourceTitle "playchess.com"]
[Source "ChessBase"]
[SourceQuality "1"]

{[%evp 18,63,-12,-52,-28,-29,-11,-8,55,56,46,59,62,39,49,12,47,48,74,59,60,37,85,10,122,120,97,109,327,316,485,482,485,485,557,575,563,383,358,353,350,327,338,328,570,511,520,504]} 1. e4 e5 2. Nf3 Nc6 3. d4 exd4 4. Bc4 Nf6 5. e5 d5 6. Bb5 Ne4 7. Nxd4 Bc5 8. O-O O-O 9. Bxc6 bxc6 10. f3 {LiveBook: 9 Games. C56: Two Knights: 4 d4 exd4 5 0-0 Nxe4} (10. Be3 Bxd4 11. Qxd4 c5 12. Qd3 Bf5 13. Bxc5 Re8 14. Nc3 Qg5 15. Nxe4 Bxe4 16. Qg3 Qxe5 17. c3 a6 18. f3 Qxg3 19. hxg3 {½-½ (89) Sengupta,D (2572)-Gupta,A (2625) Aurangabad 2011}) 10... Ng5 11. Be3 Bxd4 12. Qxd4 {The position is equal.} Ba6 $146 (12... Ne6 $11 13. Qa4 c5) ({Predecessor:} 12... Ne6 13. Qd2 f5 14. exf6 Qxf6 15. c3 a5 16. Qf2 Ba6 17. Re1 Rab8 18. Nd2 a4 {½-½ (52) Medarde Santiago,L (2324)-Valles Moreno,I (2417) Madrid 2015}) 13. Bxg5 $14 Qxg5 14. Re1 {[%cal Bf1e1,Be1e3,Be3g3][%mdl 32]} Rfe8 15. f4 Qg6 16. c3 Bc8 17. Nd2 {[%cal Bb1d2,Bd2f3,Bf3h4][%mdl 32]} Bf5 18. Re3 a5 19. Rg3 $36 {[%mdl 2048] White is more active.} Qe6 20. Re1 (20. Nb3 $16) 20... h5 (20... a4 $11 {keeps the balance.}) 21. Nf3 $16 Qh6 22. Nh4 Bd7 $2 (22... Be4 $16 {was worth a try.}) 23. f5 $18 {[%cal Bf4f5,Bf5f6,Bf6f7][%mdl 32]} Kh8 {[#]} (23... Rf8 {keeps fighting.} 24. c4 Rae8) 24. e6 $1 {[%mdl 512]} Qf6 (24... fxe6 25. Rg6) 25. Qd1 fxe6 26. Qxh5+ Qh6 27. Qxh6+ gxh6 28. f6 {[#] White wants to mate with Rg7.} Rg8 29. Ng6+ Kh7 30. Ne5 Rad8 $2 (30... Rxg3 31. hxg3 Bc8 32. Nxc6 Bd7) 31. f7 Rxg3 32. Nxd7 {Precision: White = 56%, Black = 23%.} ({Weaker is} 32. hxg3 Bc8 $16) 1-0

[Event "IM Marmaris Karia III 2018"]
[Site "Mentese Mugla"]
[Date "2018.10.30"]
[Round "9.2"]
[White "Dedebas, Emre Emin"]
[Black "Gevorgyan, Maria"]
[Result "1-0"]
[WhiteElo "2302"]
[BlackElo "2207"]
[Annotator "TA"]
[PlyCount "87"]
[EventDate "2018.10.26"]
[EventType "tourn"]
[EventCountry "TUR"]
[SourceTitle "playchess.com"]
[Source "ChessBase"]
[SourceQuality "1"]

{[%evp 19,87,-24,-32,-35,-35,-36,-36,-36,-20,-16,33,-2,25,16,100,96,264,281,491,479,613,641,635,612,634,627,613,600,567,594,554,566,1141,926,893,875,852,844,860,860,790,411,406,406,409,406,389,386,851,617,806,770,2321,1361,1348,1345,1270,1243,1143,1143,992,916,29993,29994,29996,29997,29997,29998,29998,29999]} 1. d4 Nf6 2. Nf3 e6 3. Bf4 c5 4. e3 Qb6 5. Qc1 Nc6 6. c3 Nh5 {A46: Damenbauernspiele} 7. Bg3 Nxg3 (7... h6 8. Nbd2 d5 9. Bd3 Be7 10. O-O Nxg3 11. hxg3 O-O 12. a3 a5 13. a4 Bd7 14. Bb5 {½-½ (48) Kamsky,G (2721)-Giri,A (2734) Beijing 2013}) 8. hxg3 d5 9. Bd3 g6 10. Nbd2 Bg7 {LiveBook: 6 Partien} 11. Qc2 Bd7 12. O-O $146 ({Vorgänger:} 12. Rd1 Rc8 13. Qb1 cxd4 14. exd4 {½-½ (49) Cruz,C (2541)-Vocaturo,D (2576) Montcada 2016}) 12... Rc8 {[%cal Rc5d4]} 13. Qb3 Qc7 14. dxc5 f5 15. Nd4 {zielt auf Sb5 ab.} Nd8 16. c4 Qa5 (16... Qxc5 $11 17. cxd5 Qxd5) 17. cxd5 $16 Qxd2 $2 {[#]} (17... exd5 $16 18. N2f3 Rxc5) 18. c6 $18 ({Bloß nicht} 18. dxe6 $6 Bc6 $16) 18... Bxc6 $2 (18... bxc6 {ist wohl besser.} 19. Rad1 Qxd1 20. Rxd1 exd5) 19. dxc6 Bxd4 20. cxb7 (20. exd4 bxc6 21. Rae1 O-O $16) 20... Rb8 21. Qa4+ ({Weniger gut wäre} 21. exd4 Rxb7 22. Rfd1 Rxb3 $16) 21... Ke7 22. Qxd4 Nf7 23. Qc5+ Kf6 24. Rfd1 Qxb2 25. Rab1 Qxa2 26. Bc4 Qc2 27. Qd4+ e5 28. Qd5 Rhf8 29. Rdc1 Qa4 30. Ra1 Qb4 31. Rxa7 Kg7 32. Qd7 Qb6 33. Rca1 h6 $2 (33... Qd6 34. Qb5 Qe7) 34. Bd5 Rbd8 {[#]} 35. b8=Q $1 {[%mdl 512]} Rxb8 (35... Qxb8 36. Qe6) 36. Bxf7 {Beabsichtigt Le6+ und Matt.} Rbd8 37. Qe7 {Droht Matt per Le6+.} Qd6 38. Bc4+ Qxe7 39. Rxe7+ Kf6 40. Re6+ Kg5 41. f4+ {Weiß setzt Matt.} Kg4 42. Be2+ Kxg3 43. Rxg6+ Kh4 44. Rxh6+ {Precision: Weiß = 80%, Schwarz = 39%.} 1-0

[Event "IM Marmaris Karia III 2018"]
[Site "Mentese Mugla"]
[Date "2018.10.30"]
[Round "9.3"]
[White "Guseynov, Alihan"]
[Black "Mammadov, Zaur"]
[Result "1/2-1/2"]
[WhiteElo "2284"]
[BlackElo "2465"]
[Annotator "TA"]
[PlyCount "61"]
[EventDate "2018.10.26"]
[EventType "tourn"]
[EventCountry "TUR"]
[SourceTitle "playchess.com"]
[Source "ChessBase"]
[SourceQuality "1"]

{[%evp 22,61,27,25,37,19,33,0,0,0,20,20,16,-1,0,-17,0,0,0,0,0,0,0,0,0,-16,0,0,0,0,0,0,0,0,0,0,0,0,0,0,0,0]} 1. d4 d5 2. c4 c6 3. cxd5 cxd5 4. Nf3 Nc6 5. Nc3 Nf6 6. Bf4 a6 7. e3 g6 8. Bd3 Bg7 9. O-O O-O 10. Rc1 Bf5 11. h3 Bxd3 12. Qxd3 {LiveBook: 4 Games} Rc8 {D90: Grünfeld: 4 Nf3 Bg7 sidelines} 13. a3 $146 ({Predecessor:} 13. Nd2 e6 14. Nb3 Nd7 15. Rfd1 Na5 16. Nd2 {½-½ (16) Pashikian,A (2609)-Popov,I (2656) Martuni 2013}) 13... e6 14. Ne5 Nxe5 {The position is equal.} 15. Bxe5 Nd7 16. Bxg7 Kxg7 17. Ne2 Qb6 18. Qd2 Nf6 19. f3 Qb5 20. Rxc8 Rxc8 21. Rc1 Rxc1+ 22. Nxc1 Ne8 23. Qc3 Nd6 24. b3 Qb6 25. a4 Nf5 26. Kf2 Qd6 27. Ne2 Qa3 28. Nc1 Qd6 29. Ne2 Qa3 30. Nc1 Qd6 31. Ne2 {Precision: White = 60%, Black = 63%.} 1/2-1/2

[Event "IM Marmaris Karia III 2018"]
[Site "Mentese Mugla"]
[Date "2018.10.30"]
[Round "9.5"]
[White "Alaz, Ahmet Efekan"]
[Black "Bagaturov, Giorgi"]
[Result "1-0"]
[WhiteElo "2121"]
[BlackElo "2417"]
[Annotator "TA"]
[PlyCount "81"]
[EventDate "2018.10.26"]
[EventType "tourn"]
[EventCountry "TUR"]
[SourceTitle "playchess.com"]
[Source "ChessBase"]
[SourceQuality "1"]

{[%evp 15,81,-7,0,0,0,0,22,20,36,25,41,36,70,79,64,74,121,89,105,108,125,99,123,100,101,104,114,116,125,109,133,83,100,46,77,-25,-15,-16,322,289,300,84,89,95,81,21,44,48,37,40,146,140,518,524,513,513,491,434,471,429,557,450,629,615,604,593,1044,1043]} 1. f4 c5 2. Nf3 Nc6 3. g3 g6 4. Bg2 Bg7 5. c3 d5 6. d3 Nf6 7. O-O O-O 8. Na3 Re8 {LiveBook: 6 Partien. A03: Bird-Eröffnung} 9. Qc2 $1 (9. Nh4 b6 10. e4 dxe4 11. Qa4 Qxd3 12. Qxc6 Bd7 13. Qc7 Ng4 14. Re1 Bd4+ 15. cxd4 Qxd4+ 16. Be3 Nxe3 {1-0 (58) Carlsen,M (2837)-Adams,M (2715) London 2017}) 9... d4 $146 ({Vorgänger:} 9... Qb6 10. Qb3 Qc7 11. Qc2 Bf5 12. Nh4 Rad8 13. Nxf5 gxf5 14. Be3 d4 15. Bd2 a6 16. Rad1 dxc3 17. Bxc6 Qxc6 18. Bxc3 {0-1 (51) Arnold,G (2254)-Lundberg,C (2215) ICCF email 2016}) 10. e4 dxe3 {Die Stellung ist ausgeglichen.} 11. Bxe3 Bf5 12. Rad1 b6 13. Nh4 Bd7 14. f5 $1 Rc8 15. Bg5 Ne5 16. Qe2 Qc7 17. Rde1 $1 Nc6 18. Nc4 Rcd8 19. Bf4 Qc8 20. g4 {[%cal Bg3g4,Bg4g5][%mdl 32]} b5 21. Ne3 Nb8 22. g5 Nh5 23. fxg6 hxg6 24. Bxb8 (24. Qf2 $16) 24... Qxb8 $14 25. Bd5 (25. Qf2 $16 Be6 26. Bh3 $1 {[%mdl 512]}) 25... e6 $1 $11 {[%cal Re6d5]} 26. Be4 Qe5 $2 {[%mdl 8192]} (26... Rf8 $1 $11 {und Schwarz muss sich keine Sorgen machen.}) 27. Qg4 $18 {zielt auf Txf7! ab.} Rf8 {[#]} 28. Neg2 $2 (28. Bxg6 $1 $18 {[%mdl 512]} fxg6 29. Rxf8+ Bxf8 30. Nxg6) 28... f5 $16 29. gxf6 $1 ({Natürlich nicht} 29. Nxg6 $6 fxg4 30. Ne7+ Kh8 $11) 29... Nxf6 {[#]} 30. Qxg6 (30. Qe2 $1 $16 Nxe4 31. Rxf8+ Bxf8 32. Nxg6) 30... Nxe4 31. Rxf8+ ({Viel schlechter ist} 31. dxe4 Rxf1+ 32. Rxf1 Be8 $15) 31... Rxf8 32. Rxe4 Qd6 (32... Qf6 $14 33. Qxf6 Rxf6) 33. Rg4 $40 {[%csl Gg4][%cal Rg6g7][%mdl 128] Weiss hat starken Angriff.} Rf7 $2 {[%mdl 8192] [#]} (33... Qe5 $16 {leistet mehr Widerstand.}) 34. Nf5 $1 $18 {[%cal Rf5h6][%mdl 512] Weiß steht klar auf Gewinn.} exf5 35. Qxd6 fxg4 36. Nf4 Bf8 37. Qd5 Bc8 38. Nh5 Bh6 39. Nf6+ Kg7 40. Ne8+ Kg6 {Und ...Le3+ würde nun gewinnen.} 41. Qc6+ {Precision: Weiß = 54%, Schwarz = 26%.} 1-0

[Event "IM Marmaris Karia III 2018"]
[Site "Mentese Mugla"]
[Date "2018.10.30"]
[Round "10.1"]
[White "Gevorgyan, Maria"]
[Black "Eminov, Orkhan"]
[Result "1-0"]
[WhiteElo "2207"]
[BlackElo "2343"]
[Annotator "NA"]
[PlyCount "91"]
[EventDate "2018.10.26"]
[EventType "tourn"]
[EventCountry "TUR"]
[SourceTitle "playchess.com"]
[Source "ChessBase"]
[SourceQuality "1"]
[TimeControl "5400+30"]

1. e4 {[%emt 0:00:30]} c5 {[%emt 0:00:30]} 2. Nf3 {[%emt 0:00:00]} d6 {[%emt 0:00:00]} 3. d4 {[%emt 0:00:00]} cxd4 {[%emt 0:00:00]} 4. Nxd4 {[%emt 0:00:00]} Nf6 {[%emt 0:00:00]} 5. Nc3 {[%emt 0:00:00]} g6 {[%emt 0:00:00]} 6. f3 {[%emt 0:00:30]} Bg7 {[%emt 0:00:30]} 7. Be3 {[%emt 0:00:00]} a6 {[%emt 0:00:00]} 8. Bc4 {[%emt 0:02:00]} b5 {[%emt 0:07:00]} 9. Bb3 {[%emt 0:02:30] B75: Sicilian Dragon: Yugoslav Attack, Miscellaneous} Bb7 {[%emt 0:00:30]} 10. Qd2 {[%emt 0:01:30]} h5 {[%emt 0:02:30]} 11. h4 {[%emt 0:02:30]} (11. O-O-O Nbd7 12. Rhe1 Rc8 13. Kb1 Ne5 14. Bg5 Nc4 15. Bxc4 Rxc4 16. Nb3 {1-0 (42) Abrahamyan,T (2364)-Can,E (2578) Reykjavik 2017}) 11... Nbd7 {[%emt 0:00:30]} 12. a4 {[%emt 0:02:30]} bxa4 {[%emt 0:28:30]} 13. Nxa4 $146 {[%emt 0:06:30]} ({Predecessor:} 13. Bxa4 Rc8 14. O-O O-O 15. Bxd7 Nxd7 16. Nb3 {½-½ (30) Sadubayev,A (2117)-Dordzhieva,D (2316) Ulaanbaatar 2015}) 13... Rc8 {[%emt 0:11:30]} 14. Ne2 {[%emt 0:06:30]} O-O {[%emt 0:04:30]} 15. Nf4 {[%emt 0:07:30]} Ne5 {[%emt 0:07:30]} 16. Nb6 {[%emt 0:05:30]} Rb8 {[%emt 0:01:30]} 17. Nbd5 {[%emt 0:04:30]} Bxd5 {[%emt 0:02:30]} 18. Nxd5 {[%emt 0:02:30]} Nxd5 {[%emt 0:04:30]} 19. Qxd5 {[%emt 0:03:30]} Rb5 {[%emt 0:08:09]} 20. Qd2 {[%emt 0:02:30]} a5 {[%emt 0:00:42]} 21. Bd4 {[%emt 0:00:30]} Qc7 {[%emt 0:06:00]} 22. Ra4 {[%emt 0:04:30]} Nd7 {[%emt 0:03:07]} 23. Bc4 {[%emt 0:04:30]} Rbb8 {[%emt 0:03:03]} (23... Rb7 $15 24. Bxg7 Kxg7) 24. Qc3 $1 {[%emt 0:00:30]} Nc5 {[%emt 0:01:07]} (24... Rfc8 $1 $11 25. Bxg7 Nb6) 25. Bxg7 {[%emt 0:00:30]} e5 {[%emt 0:04:36]} 26. Rxa5 {[%emt 0:13:30]} ({Don't take} 26. Bxf8 Nxa4 27. Bxd6 Qxd6 $11) 26... Kxg7 {[%emt 0:00:23] [#]} 27. b3 $1 {[%emt 0:00:30]} Ne6 {[%emt 0:02:12]} 28. Kd2 {[%emt 0:08:30]} Nd4 {[%emt 0:01:49]} 29. Raa1 {[%emt 0:00:30]} Rfc8 {[%emt 0:00:23]} 30. f4 {[%emt 0:03:28]} Qc5 {[%emt 0:00:21]} 31. Rhf1 {[%emt 0:00:25]} Rc7 {[%emt 0:00:48]} 32. Ra4 {[%emt 0:02:02]} Qc6 {[%emt 0:00:42]} 33. Qe3 {[%emt 0:00:56]} Rd8 {[%emt 0:00:29]} 34. c3 {[%emt 0:01:14]} Nb5 {[%emt 0:00:32]} 35. Rb4 {[%emt 0:01:11]} Na3 {[%emt 0:00:15]} 36. Bd5 {[%emt 0:00:16]} Qa6 {[%emt 0:00:14]} 37. Qd3 {[%emt 0:00:18]} Qc8 $18 {[%emt 0:00:59]} 38. Ra4 {[%emt 0:00:27]} Nb5 {[%emt 0:00:12]} 39. Qxb5 {[%emt 0:00:06]} Rxc3 {[%emt 0:00:06]} 40. Rc4 {[%emt 0:00:03]} Rxc4 {[%emt 0:00:09]} 41. Qxc4 {[%emt 0:00:09]} Qg4 {[%emt 0:00:03]} 42. fxe5 {[%emt 0:00:20]} dxe5 {[%emt 0:00:23]} 43. Rxf7+ {[%emt 0:00:42]} Kh6 {[%emt 0:00:12]} 44. Qe2 {[%emt 0:00:54]} Qxh4 {[%emt 0:00:18]} 45. Qe3+ {[%emt 0:00:04]} g5 {[%emt 0:00:04]} 46. Qb6+ {[%emt 0:00:04]} 1-0

[Event "IM Marmaris Karia III 2018"]
[Site "Mentese Mugla"]
[Date "2018.10.30"]
[Round "10.2"]
[White "Mammadov, Zaur"]
[Black "Dedebas, Emre Emin"]
[Result "1-0"]
[WhiteElo "2465"]
[BlackElo "2302"]
[Annotator "TA"]
[PlyCount "88"]
[EventDate "2018.10.26"]
[EventType "tourn"]
[EventCountry "TUR"]
[SourceTitle "playchess.com"]
[Source "ChessBase"]
[SourceQuality "1"]

{[%evp 14,88,22,0,0,-28,-22,-39,-21,-16,0,-40,-41,-72,-62,-111,-112,-117,-117,-119,-105,-147,-138,-146,-147,-143,-149,-146,-138,-137,-121,-161,-77,-89,-83,-90,-89,-79,-83,-74,-52,-135,-61,-66,-56,-55,-56,-63,0,0,0,0,0,0,94,95,85,78,78,8,23,0,24,20,20,8,13,9,232,256,211,25,1406,1094,5114,4704,29982]} 1. e4 e5 2. Nf3 Nc6 3. c3 Nf6 4. d4 Nxe4 5. d5 Ne7 6. Nxe5 Ng6 7. Nxg6 hxg6 8. Be3 {LiveBook: 5 Games} Bc5 {...Bxe3 is the strong threat. C44: Ponziani Opening and Scotch Gambit} (8... b6 9. Nd2 Nf6 10. Qe2 Be7 11. d6 Bxd6 12. Bxb6+ Be7 13. Bd4 d5 14. Bc5 Be6 15. Bxe7 Qxe7 16. Qe3 {0-1 (75) Reprintsev,A (2361)-Sturua,Z (2536) Acqui Terme 2017}) 9. Bxc5 Nxc5 10. d6 O-O {Black is slightly better.} (10... Kf8 {keeps more tension.} 11. Be2 b6 12. O-O Bb7 13. Bf3 Qh4) 11. Be2 $146 ({Predecessor:} 11. dxc7 Qg5 12. Qd2 Re8+ 13. Kd1 Qg4+ 14. f3 Qa4+ 15. Kc1 d5 16. Na3 Bd7 17. Nc2 Rac8 18. h4 Rxc7 19. h5 gxh5 20. Rxh5 Be6 21. g4 a6 22. Qh2 {1-0 (22) Kallio,H (2330)-Norri,J (2405) Finland 1998}) 11... c6 12. O-O Qf6 13. Bf3 b6 $1 $36 {[%mdl 2048] Black has the initiative.} 14. Qd2 Ba6 15. Rd1 Rae8 16. Na3 Ne4 17. Qd4 Ng5 $1 {[%cal Rg5f3]} 18. Qxf6 gxf6 19. Rd4 Nxf3+ 20. gxf3 Bb7 21. Ra4 a6 $1 22. Rf4 Re6 (22... b5 $1 $19 23. Re4 c5) 23. Nc4 $17 b5 24. Na5 Ba8 25. Nb3 Rxd6 26. Nc5 f5 27. Re1 (27. Nxa6 $15 Rd2 28. Rd4 Rxb2 29. Rxd7) 27... Rd2 ({Black should try} 27... a5 $17 28. Re7 Rd8) 28. Rd4 $15 Rxd4 $1 29. cxd4 {[%mdl 4096] Endgame KRB-KRN} d6 30. Nxa6 c5 (30... Rc8 $15) 31. dxc5 $11 dxc5 32. Kg2 Rc8 {aiming for ...Bb7.} 33. Re5 Kg7 (33... Bb7 $11 34. Nxc5 f6) 34. Rxc5 $16 ({But not} 34. Nxc5 Rd8 $11) 34... Rxc5 35. Nxc5 {KB-KN} Kf6 36. Kg3 ({White should play} 36. Nd3 $1 $16) 36... Ke5 $11 37. a4 bxa4 (37... Kd4 {seems wilder.} 38. b4 bxa4 39. Nxa4 Bc6 40. Nb6 Kc3) 38. Nxa4 Bc6 39. Nb6 f6 40. f4+ Kd4 $2 {[#]} (40... Kd6 $11 {and Black is okay.}) 41. Nc8 $1 $18 Be8 {[#]} 42. b4 $2 (42. Ne7 $1 $18) 42... Bd7 $2 {[%mdl 8192]} (42... Kd5 $11) 43. Ne7 g5 44. Ng8 Kd5 {Precision: White = 44%, Black = 45%.} 1-0

[Event "IM Marmaris Karia III 2018"]
[Site "Mentese Mugla"]
[Date "2018.10.30"]
[Round "10.3"]
[White "Simantsev, Mikhail"]
[Black "Guseynov, Alihan"]
[Result "0-1"]
[WhiteElo "2424"]
[BlackElo "2284"]
[Annotator "TA"]
[PlyCount "48"]
[EventDate "2018.10.26"]
[EventType "tourn"]
[EventCountry "TUR"]
[SourceTitle "playchess.com"]
[Source "ChessBase"]
[SourceQuality "1"]

{[%evp 30,48,34,27,77,-4,0,-4,-1,-204,-199,-1072,-975,-1030,-950,-1025,-1024,-997,-983,-922,-904]} 1. d4 Nf6 2. c4 g6 3. Nc3 Bg7 4. e4 d6 5. Nf3 O-O 6. Be2 e5 7. O-O Nc6 8. d5 Ne7 9. Ne1 Nd7 10. Be3 f5 11. f3 f4 12. Bf2 g5 13. Nb5 b6 14. b4 a6 15. Nc3 Rf6 {E99: King's Indian: Classical Main Line: 9 Ne1 Nd7 10 f3 f5} 16. Nd3 {LiveBook: 5 Games} Rh6 (16... Qe8 17. a4 Rh6 18. Be1 c5 19. dxc6 Nb8 20. Nf2 Nbxc6 21. a5 bxa5 22. b5 axb5 23. Nxb5 {0-1 (45) Gurevich,D (2473)-Nyzhnyk,I (2622) Chicago 2015}) 17. c5 ({White should try} 17. a4 $1 $16) 17... Qe8 $11 {The position is equal.} 18. h3 Qh5 {Threatens to win with ...Nxc5.} 19. cxd6 $2 {[#]} (19. Be1 $1 $11 {and White has nothing to worry.}) 19... Nf6 $1 $19 20. Re1 $2 {[#]} (20. dxe7 Bxh3 21. Bh4 Qxh4) (20. h4 cxd6 21. Nxe5 dxe5 22. d6) 20... Bxh3 $1 {[%mdl 512] Black is clearly winning.} 21. Bf1 (21. gxh3 Qxh3) 21... Bg4 $146 {[%csl Gh6][%cal Rh5h2]} ({Predecessor:} 21... Bd7 22. Bxb6 cxd6 23. Kf2 {0-1 (60) Bednar,M (2199)-Spirin,O (2464) Czechia 2011}) 22. Bxb6 Bxf3 (22... cxb6 23. dxe7 Qh2+ 24. Kf2 $11) 23. Qxf3 g4 24. Qd1 Qh4 {Precision: White = 12%, Black = 89%.} 0-1

[Event "IM Marmaris Karia III 2018"]
[Site "Mentese Mugla"]
[Date "2018.10.30"]
[Round "10.4"]
[White "Bagaturov, Giorgi"]
[Black "Gasanov, Zaur"]
[Result "1-0"]
[WhiteElo "2417"]
[BlackElo "2195"]
[Annotator "TA"]
[PlyCount "105"]
[EventDate "2018.10.26"]
[EventType "tourn"]
[EventCountry "TUR"]
[SourceTitle "playchess.com"]
[Source "ChessBase"]
[SourceQuality "1"]

{[%evp 19,105,33,34,13,10,0,-7,-38,-20,-58,-25,-25,-20,-42,-43,-39,-37,-56,-56,-58,-30,-42,-32,-58,-9,-16,-17,-23,-16,-30,-25,-33,0,-14,-7,-7,-4,-10,0,0,0,0,0,0,2,24,99,72,193,187,212,222,373,353,505,498,498,498,498,498,528,521,546,522,511,504,504,502,591,511,519,493,545,519,529,508,490,483,545,549,517,497,657,657,909,897,921,895]} 1. c4 Nf6 2. Nc3 d5 3. cxd5 Nxd5 4. g3 g6 5. Bg2 Nb6 6. Nf3 Bg7 7. O-O O-O 8. d3 Nc6 9. Be3 h6 10. Qd2 Kh7 {LiveBook: 20 Games. A16: English Opening: 1...Nf6 with ...d5} 11. Rfd1 e5 12. a4 $146 ({Predecessor:} 12. Rac1 Re8 13. Bc5 Bg4 14. h3 Be6 15. Kh2 Nd4 16. Ng1 c6 17. e3 Nf5 18. b3 {1-0 (50) Becker,M (2308)-Schuetze,N (2333) Germany 2009}) 12... Nd4 {The position is equal.} 13. Bxd4 exd4 14. Ne4 c6 15. a5 Nd5 {[%cal Bb6d5,Bd5c7,Bc7b5][%mdl 32]} 16. Ra4 Nc7 17. Rc1 a6 18. Qc2 Nb5 19. Nfd2 Qe7 20. Qc5 Re8 (20... Qc7 {with more complications.} 21. Qb6 Qd7 22. Nc5 Qe7 23. Re1 f5) 21. Bf3 Bf5 (21... Qd8 {seems wilder.} 22. Qb6 Qd7 23. Nc5 Qe7 24. Nc4 h5) 22. Qxe7 Rxe7 23. Nc5 h5 24. h4 Bh6 25. Rc2 Bg7 26. Nc4 Rd8 27. Na3 Bg4 28. Kg2 Bxf3+ (28... Kg8 {keeps more tension.} 29. Kf1 Bxf3 30. exf3 Bf8 31. Ne4 f5) 29. Kxf3 Rd5 (29... Kg8 {feels hotter.} 30. Nc4 Rf8 31. Ra1 Rfe8 32. Kg2 Bf8) 30. Nxb5 cxb5 ({Of course not} 30... axb5 31. Ra1 $16) 31. Ra1 Rf5+ 32. Kg2 Rc7 (32... Rfe5 $11) 33. Rac1 $1 $16 Bh6 {[#]} (33... Re5 $16) 34. f4 $1 $18 Kg8 {[#]} 35. Nb3 $1 Rd7 $2 (35... Re7 {was worth a try.} 36. Nxd4 Rd5) 36. Rc8+ Bf8 (36... Kh7 $142 37. R1c7 Rfd5) 37. Nc5 {White is clearly winning.} Re7 38. Ne4 Kg7 39. Rd8 f6 40. b4 g5 41. Rcc8 Rf7 42. hxg5 fxg5 43. Nxg5 Re7 44. Ne4 h4 45. Kf3 h3 46. g4 h2 47. Rc1 Rff7 48. Rd5 Re6 49. Rxd4 Rh6 50. Rh1 Rh3+ 51. Kg2 Re3 52. Kf2 Rh3 53. Ng5 {Precision: White = 68%, Black = 45%.} 1-0